Monaco... or Liechtenstein? - Statistics

General Stats
  • This quiz has been taken 68 times
  • The average score is 14 of 18
Answer Stats
Question Answer % Correct
Is bigger in area? Liechtenstein
100%
Is landlocked? Liechtenstein
100%
Is a city-state? Monaco
100%
Has French as an official language? Monaco
100%
Over 80% of its people are Christians? Both
90%
Its demonym ends in 'er'? Liechtenstein
90%
Drives on the right side of the road? Both
80%
Has red on its flag? Both
80%
The Rhine River runs through it? Liechtenstein
80%
Borders Germany? Neither
80%
Borders Italy? Neither
80%
Has higher average rainfall? Liechtenstein
70%
Is wealthier? Monaco
70%
Has an airport? Neither
70%
Uses the Euro as its currency? Monaco
60%
Has a castle? Liechtenstein
50%
Has roughly 38,000 people? Both
30%
Became independent over 400 years before the other one did? Monaco
30%
No matching quizzes found
Score Distribution
Percent of People with Each Score
Percentile by Number Answered
Your Score History
You have not taken this quiz